NCAA Institutions in Massachusetts - Statistics

General Stats
  • This quiz has been taken 28 times
  • The average score is 21 of 52
Answer Stats
Conference School Team Name % Correct
Division I ACC Boston College Eagles
100%
Division I Patriot Boston University Terriers
100%
Division I Ivy League Harvard Crimson
100%
Division I Atlantic 10 Massachusetts-Amherst Minutemen
100%
Division III NEWMAC Massachusetts Institute of Technology Engineers
79%
Division I Coastal Northeastern Huskies
79%
Division I Patriot Holy Cross Crusaders
74%
Division I America East Massachusetts-Lowell Retrievers
63%
Division III NESCAC Amherst Mammoths
58%
Division I Northeast Stonehill Skyhawks
58%
Division I MAAC Merrimack Warriors
47%
Division III NEWMAC Smith Pioneers
47%
Division III NEWMAC Springfield Pride
47%
Division III UAA Brandeis Judges
42%
Division III MASCAC Bridgewater State Bears
42%
Division III MASCAC Fitchburg State Falcons
42%
Division III Little East Massachusetts-Boston Beacons
42%
Division III NESCAC Tufts Jumbos
42%
Division III MASCAC Westfield State Owls
42%
Division III NEWMAC Worcester Polytechnic Institute Engineers
42%
Division III MASCAC Worcester State Lancers
42%
Division II Northeast-10 Bentley Falcons
37%
Division III CNE Curry Colonels
37%
Division III MASCAC Framingham State Rams
37%
Division III Little East Massachusetts-Dartmouth Corsairs
37%
Division III CNE Suffolk Rams
37%
Division III NEWMAC Wellesley Blue
37%
Division III CNE Wentworth Institute of Technology Leopards
37%
Division III NEWMAC Babson Beavers
32%
Division III NEWMAC Emerson Lions
32%
Division III CNE Endicott Gulls
32%
Division III MASCAC Salem State Vikings
32%
Division III Great Northeast Simmons Sharks
32%
Division III NESCAC Williams Ephs
32%
Division II Northeast-10 American International Yellow Jackets
26%
Division II Northeast-10 Assumption Greyhounds
26%
Division III NEWMAC Clark Cougars
26%
Division III CNE Gordon Fighting Scots
26%
Division III NEWMAC Mount Holyoke Lyons
26%
Division III Great Northeast Regis Pride
26%
Division III CNE Western New England Golden Bears
26%
Division III Great Northeast Dean Bulldogs
21%
Division III North Atlantic Eastern Nazarene Lions
21%
Division III Great Northeast Elms Blazers
21%
Division III Great Northeast Emmanuel Saints
21%
Division III North Atlantic Lesley Lynx
21%
Division III MASCAC Massachusetts Maritime Academy Buccaneers
21%
Division III CNE Nichols Bison
21%
Division III NEWMAC Wheaton Lyons
21%
Division III Great Northeast Anna Maria AmCats
16%
Division III Great Northeast Lasall Lasers
16%
Division III MASCAC Massachusetts College of Liberal Arts Trailblazers
16%
No matching quizzes found
Score Distribution
Percent of People with Each Score
Percentile by Number Answered
Your Score History
You have not taken this quiz